书目信息 |
| 题名: |
支付结算制度汇编
|
|
| 作者: | ;中国人民银行会计司 主编 | |
| 分册: | ||
| 出版信息: | 北京 新华出版社 1997 |
|
| 页数: | 282页 | |
| 开本: | 20cm | |
| 丛书名: | ||
| 单 册: | ||
| 中图分类: | F832.2 | |
| 科图分类: | ||
| 主题词: | 金融 , 银行 | |
| 电子资源: | ||
| ISBN: | 7-5011-3404-9 | |
| 000 | 00772nam0 2200217 450 | |
| 001 | 0734665389 | |
| 005 | 20070725091451.10 | |
| 010 | @a7-5011-3404-9@dCNY24.50 | |
| 100 | @a20070721d1997 km y0chiy0120 ea | |
| 101 | 0 | @achi |
| 102 | @aCN@b110000 | |
| 200 | 1 | @a支付结算制度汇编@Azhi fu jie suan zhi du hui bian@e企业银行正确办理支付结算指南@f中国人民银行会计司主编@Fzhong guo ren min yin hang kuai ji si zhu bian |
| 210 | @a北京@c新华出版社@d1997 | |
| 215 | @a282页@d20cm | |
| 517 | 1 | @a企业银行正确办理支付结算指南@Aqi ye yin hang zheng que ban li zhi fu jie suan zhi nan |
| 606 | 0 | @a金融 |
| 606 | 0 | @a银行 |
| 690 | @aF832.2@v3 | |
| 711 | 02 | @a中国人民银行会计司@Azhong guo ren min yin hang kuai ji si@4主编 |
| 801 | 0 | @aCN@bPFT@c20070725 |
| 905 | @a10447@dF832.2@e53 | |
| 支付结算制度汇编:企业银行正确办理支付结算指南/中国人民银行会计司主编.-北京:新华出版社,1997 |
| 282页;20cm |
| ISBN 7-5011-3404-9:CNY24.50 |
| ● |
| 相关链接 |
|
|
|
|
正题名:支付结算制度汇编
索取号:F832.2/53
 
预约/预借
| 序号 | 登录号 | 条形码 | 馆藏地/架位号 | 状态 | 备注 |
| 1 | 0769102 | 207691023 | 第一样本阅览室/ [索取号:F832.2/53] | 在馆 |